| 000 | 00335 a2200133 4500 | ||
|---|---|---|---|
| 001 | 62535 | ||
| 082 | _a657.42 MAT | ||
| 090 |
_c37179 _d37179 |
||
| 100 | _aMatz Adolph PhD; Usry F.Milton PhD | ||
| 245 | _aCost Accounting: Planning and Control, 7/e | ||
| 250 | _a7 | ||
| 260 |
_aND _bPrintice Hall _c2005 |
||
| 300 | _axiii, 880 p. | ||
| 942 |
_aNUST-CAE _k657.42 MAT |
||
| 999 |
_c297608 _d297608 |
||